00772nam a2200169 a 450000100060000000300090000600800410001502000150005604000280007108200170009910000350011624500560015126000230020730000170023050502950024765000600054222717CO-ViMGA141112s2004 ck r 000 u spa d a9586906639 aCO-ViMGAbspacCO-ViMGA04a345.02 G659d1 aGonzalez Navarro, Antonio Luis10aEl Delito Culposo / cAntonio Luis Gonzalez Navarro aColombia : bLeyer a503 p. 23 cm aAspecto historico y universal de la culpa o imprudencia, Evolucion legislativa de la conducta culposa punible en colombia, Sistemas de incriminacion en el delito culposo, Dogmatica clasica, Esquema neoclasico del delito, Evolucion moderna sobre la teoria de la conducta punible culposa14aCULPA JURIDICA, DELITOS CULPOSOS - LEGISLACION, DELITOS